[Event "ChT Corsica 2007"]
[Site "Travo"]
[Date "2007.04.01"]
[Round "3.2"]
[White "Roux, Yvan"]
[Black "Filippini, Herve"]
[Result "0-1"]
[WhiteElo "1440"]
[BlackElo "1610"]
[PlyCount "63"]
[EventDate "2007.??.??"]
[WhiteTeam "Casinca 2"]

1. d4 g6 2. Nf3 Nf6 3. Bg5 Bg7 4. Bxf6 Bxf6 5. e3 O-O 6. Bd3 d6 7. c4 Nc6 8.
Nc3 e5 9. Ne2 Re8 10. Bc2 Bg7 11. a3 Bg4 12. Ba4 exd4 13. Bxc6 bxc6 14. Nexd4
Qd7 15. h3 Bxf3 16. gxf3 c5 17. Nc2 Bxb2 18. Rb1 Rab8 19. Ke2 Bg7 20. h4 Rxb1
21. Qxb1 c6 22. h5 d5 23. cxd5 Qxd5 24. hxg6 Qc4+ 25. Kd1 Rd8+ 26. Kc1 fxg6 27.
Rd1 Rxd1+ 28. Kxd1 Qd3+ 29. Kc1 Qf1+ 30. Ne1 Qxe1+ 31. Kc2 Qxb1+ 32. Kxb1 0-1

[Event "ChT Corsica 2007"]
[Site "Travo"]
[Date "2007.04.01"]
[Round "3.5"]
[White "Pellerin, Gerard"]
[Black "Meresse, Jack-Francois"]
[Result "1-0"]
[WhiteElo "1280"]
[BlackElo "1520"]
[PlyCount "36"]
[EventDate "2007.??.??"]
[WhiteTeam "Echecs Club du Fium'Orbu 1"]
[BlackTeam "Casinca 2"]

1. e4 e5 2. Nf3 Nf6 3. Nc3 Bb4 4. Nd5 Nxd5 5. exd5 d6 6. c3 Ba5 7. Be2 c6 8. b4
Bb6 9. Bc4 Bg4 10. O-O O-O 11. Qc2 Bxf3 12. Qf5 Bxg2 13. Re1 Qd7 14. Qh5 Bh3
15. Kh1 g6 16. Qg5 Bd8 17. Qh6 Qg4 18. Rg1 Qf3+ 1-0

[Event "ChT Corsica 2007"]
[Site "Travo"]
[Date "2007.04.01"]
[Round "3.2"]
[White "Rufin, Franck"]
[Black "Morganti, Noel"]
[Result "1-0"]
[WhiteElo "1740"]
[BlackElo "1678"]
[PlyCount "43"]
[EventDate "2007.??.??"]
[WhiteTeam "Echecs Club Ajaccien 2"]

1. e4 d6 2. d4 Nf6 3. Nc3 g6 4. Bg5 Bg7 5. Qd2 O-O 6. h4 h5 7. O-O-O c6 8. f3
Qa5 9. Nge2 Be6 10. Kb1 b5 11. d5 cxd5 12. exd5 Bd7 13. Nd4 b4 14. Nb3 bxc3 15.
Qe3 Qd8 16. Bh6 a5 17. Bxg7 Kxg7 18. g4 hxg4 19. fxg4 Bxg4 20. h5 Bxh5 21. Be2
Bxe2 22. Qh6+ 1-0

[Event "ChT Corsica 2007"]
[Site "Travo"]
[Date "2007.04.01"]
[Round "3.3"]
[White "Bigonnet, Jean-Michel"]
[Black "Gerandi, Guillaume"]
[Result "1-0"]
[WhiteElo "1660"]
[BlackElo "1530"]
[PlyCount "51"]
[EventDate "2007.??.??"]
[WhiteTeam "Corsica Chess Club 2"]
[BlackTeam "Echecs Club Ajaccien 2"]

1. e4 e5 2. Nc3 Bc5 3. Bc4 Nf6 4. Nf3 d6 5. O-O Nc6 6. d3 Bg4 7. Be3 Bb6 8. h3
Bh5 9. Nd5 Nxd5 10. Bxd5 O-O 11. c3 Kh8 12. Qe2 f5 13. exf5 Bxf3 14. Qxf3 g6
15. Bxc6 bxc6 16. Qxc6 gxf5 17. Bxb6 axb6 18. a4 f4 19. d4 f3 20. g3 Qc8 21.
Kh2 Rf5 22. g4 Rf4 23. dxe5 Rxg4 24. hxg4 Qxg4 25. Qxa8+ Kg7 26. Rg1 1-0

[Event "ChT Corsica 2007"]
[Site "Travo"]
[Date "2007.04.01"]
[Round "3.4"]
[White "Ferracci, Christian"]
[Black "Geronimi, Paul-Antoine"]
[Result "0-1"]
[WhiteElo "1410"]
[BlackElo "1708"]
[PlyCount "52"]
[EventDate "2007.??.??"]
[WhiteTeam "Echecs Club Ajaccien 2"]

1. e4 c5 2. Nf3 e6 3. Bc4 a6 4. d3 b5 5. Bb3 Qc7 6. a3 Nf6 7. Bg5 Be7 8. Nc3 h6
9. Bh4 Nc6 10. O-O O-O 11. Bg3 Bd6 12. Bxd6 Qxd6 13. Re1 Qf4 14. e5 Ng4 15. Ne2
Qf5 16. Ng3 Qg6 17. h3 Nxf2 18. Kxf2 f6 19. exf6 Qxf6 20. Kg1 Qxb2 21. Ne4 Nd4
22. Nxd4 Qxd4+ 23. Kh1 Bb7 24. Qg4 Rf5 25. Rf1 Raf8 26. Rf3 Qxa1+ 0-1

[Event "ChT Corsica 2007"]
[Site "Travo"]
[Date "2007.04.01"]
[Round "3.1"]
[White "Bracconi, William"]
[Black "Degoirat, Julien"]
[Result "0-1"]
[WhiteElo "1690"]
[BlackElo "2163"]
[PlyCount "72"]
[EventDate "2007.??.??"]
[WhiteTeam "Tour du Nebbiu"]
[BlackTeam "Balagna Chess Club 1"]

1. d4 d5 2. Nf3 Nf6 3. e3 e6 4. Bd3 b6 5. Nbd2 Bb7 6. O-O Be7 7. Re1 Nbd7 8. e4
dxe4 9. Nxe4 O-O 10. c3 c5 11. Bg5 Nxe4 12. Bxe7 Nxc3 13. Bxd8 Nxd1 14. Raxd1
Rfxd8 15. Be4 Bxe4 16. Rxe4 Nf6 17. Ree1 cxd4 18. Nxd4 Rd5 19. Nb3 Rad8 20.
Rxd5 Rxd5 21. f3 a5 22. Kf2 a4 23. Na1 Kf8 24. Nc2 Rd2+ 25. Re2 Rxe2+ 26. Kxe2
Ke7 27. b3 axb3 28. axb3 Kd6 29. Kd3 Nd5 30. g3 e5 31. Kc4 Kc6 32. Nb4+ Nxb4
33. Kxb4 f5 34. Kc4 b5+ 35. Kc3 Kc5 36. b4+ Kd5 0-1

[Event "ChT Corsica 2007"]
[Site "Travo"]
[Date "2007.04.01"]
[Round "3.2"]
[White "Poiron, Nicolas"]
[Black "Bono, Patrick"]
[Result "1-0"]
[WhiteElo "1899"]
[BlackElo "1700"]
[PlyCount "39"]
[EventDate "2007.??.??"]
[WhiteTeam "Balagna Chess Club 1"]

1. d4 Nf6 2. c4 d6 3. Nc3 g6 4. e4 Bg7 5. Nf3 O-O 6. Bg5 Nbd7 7. Be2 e5 8. d5
a5 9. O-O Nc5 10. a3 Qd7 11. Bxf6 Bxf6 12. b4 axb4 13. axb4 Rxa1 14. Qxa1 Nb3
15. Qd1 Nd4 16. Nxd4 exd4 17. Nb5 Re8 18. Bf3 c5 19. dxc6 bxc6 20. Nxd4 1-0

[Event "ChT Corsica 2007"]
[Site "Travo"]
[Date "2007.04.01"]
[Round "3.3"]
[White "Hebert, Jean-Francois"]
[Black "Campana, Marc-Antoine"]
[Result "0-1"]
[WhiteElo "1480"]
[BlackElo "1791"]
[PlyCount "56"]
[EventDate "2007.??.??"]
[WhiteTeam "Tour du Nebbiu"]
[BlackTeam "Balagna Chess Club 1"]

1. d4 d5 2. Nc3 Nf6 3. Bf4 e6 4. f3 Bb4 5. Qd2 c5 6. g4 Nc6 7. e3 O-O 8. h4 Re8
9. Bb5 Bd7 10. Bxc6 bxc6 11. a3 Qa5 12. Bd6 cxd4 13. Bxb4 dxc3 14. Bxc3 Qc7 15.
Rh3 e5 16. Qh2 d4 17. Bd2 Qb6 18. O-O-O Rab8 19. b3 c5 20. exd4 cxd4 21. Bg5
Rec8 22. Kb2 Be6 23. b4 a5 24. Bd2 d3 25. c3 axb4 26. axb4 Ra8 27. Qxe5 Ra2+
28. Kb1 Rca8 0-1

[Event "ChT Corsica 2007"]
[Site "Travo"]
[Date "2007.04.01"]
[Round "3.4"]
[White "Vanschamelhout, Julien"]
[Black "Clementi, Charles"]
[Result "1-0"]
[WhiteElo "1730"]
[BlackElo "1390"]
[PlyCount "21"]
[EventDate "2007.??.??"]
[WhiteTeam "Balagna Chess Club 1"]

1. e4 Nf6 2. e5 Nd5 3. c4 Nb6 4. d4 e6 5. Nc3 Be7 6. Nf3 d6 7. Bd3 O-O 8. h4
dxe5 9. Nxe5 Qxd4 10. Bxh7+ Kxh7 11. Qxd4 1-0

[Event "ChT Corsica 2007"]
[Site "Travo"]
[Date "2007.04.01"]
[Round "3.5"]
[White "Merle, Serge"]
[Black "Wojnowski, Krzysztof"]
[Result "0-1"]
[WhiteElo "1420"]
[BlackElo "1640"]
[PlyCount "96"]
[EventDate "2007.??.??"]
[WhiteTeam "Tour du Nebbiu"]
[BlackTeam "Balagna Chess Club 1"]

1. f4 e6 2. Nf3 d5 3. e3 Nf6 4. b3 c5 5. Bb2 Nc6 6. Bb5 Bd7 7. Bxc6 Bxc6 8. Ne5
Bb5 9. d3 d4 10. e4 Bd6 11. O-O Qc7 12. Na3 Ba6 13. Nac4 Bxc4 14. bxc4 Bxe5 15.
fxe5 Qxe5 16. Qf3 h5 17. Qf4 Qxf4 18. Rxf4 Rd8 19. Raf1 O-O 20. h3 Rd7 21. e5
Ne8 22. Rh4 g6 23. Bc1 Ng7 24. Bh6 Kh7 25. Bxg7 Kxg7 26. g4 hxg4 27. Rxg4 Rh8
28. Kh2 Rh5 29. Re4 a6 30. Kg3 Rf5 31. Rff4 Rxf4 32. Rxf4 Rd8 33. Rh4 Rh8 34.
Rxh8 Kxh8 35. Kg4 Kg7 36. Kg5 Kh7 37. h4 Kg7 38. h5 gxh5 39. Kxh5 f5 40. Kg5 f4
41. Kxf4 Kh6 42. Kg4 Kg6 43. Kf4 Kh5 44. Ke4 Kg4 45. a3 b6 46. a4 a5 47. c3
dxc3 48. Ke3 Kf5 0-1

[Event "ChT Corsica 2007"]
[Site "Travo"]
[Date "2007.04.01"]
[Round "4.1"]
[White "Leibenguth, Jean"]
[Black "Dehainault, Christian"]
[Result "1-0"]
[WhiteElo "1650"]
[BlackElo "1680"]
[PlyCount "39"]
[EventDate "2007.??.??"]
[WhiteTeam "Balagna Chess Club 2"]
[BlackTeam "Echecs Club du Fium'Orbu 1"]

1. e4 d6 2. d4 Nf6 3. Bd3 g6 4. Bg5 Bg7 5. Nf3 O-O 6. Qd2 Nbd7 7. Bh6 e5 8.
dxe5 Nxe5 9. Nxe5 dxe5 10. Bxg7 Kxg7 11. Qg5 Qd4 12. Nc3 a6 13. O-O-O Qxf2 14.
Rdf1 Qb6 15. Qxe5 Qe6 16. Qd4 c6 17. Rf3 Re8 18. Rhf1 Qe5 19. Qxe5 Rxe5 20.
Rxf6 1-0

[Event "ChT Corsica 2007"]
[Site "Travo"]
[Date "2007.04.01"]
[Round "4.2"]
[White "Filippini, Herve"]
[Black "Leveque, Christophe"]
[Result "1/2-1/2"]
[WhiteElo "1610"]
[BlackElo "1640"]
[PlyCount "119"]
[EventDate "2007.??.??"]
[WhiteTeam "Echecs Club du Fium'Orbu 1"]

1. e4 e6 2. Nf3 d5 3. exd5 exd5 4. d4 Bd6 5. Bd3 Ne7 6. O-O Bf5 7. Bxf5 Nxf5 8.
Nc3 c6 9. Ne2 Nd7 10. Bf4 Qc7 11. Bxd6 Qxd6 12. Re1 O-O-O 13. Qd3 Qf6 14. b4
Nd6 15. a4 Qg6 16. Qb3 Nc4 17. b5 c5 18. dxc5 Nxc5 19. Qb4 Qd6 20. Nd2 Ne5 21.
Nb3 Ne4 22. Qxd6 Rxd6 23. f3 Nf6 24. Ned4 Nfd7 25. Nf5 Rf6 26. Ne7+ Kb8 27.
Nxd5 Rg6 28. Kf2 Rd6 29. Rad1 g5 30. f4 gxf4 31. Nxf4 Rxd1 32. Rxd1 Rc8 33. Nd4
Nc5 34. a5 Ne4+ 35. Kg1 Nc3 36. Re1 Re8 37. Kf1 Kc7 38. Nd3 f6 39. Nxe5 Rxe5
40. Rxe5 fxe5 41. Nf3 Kd6 42. Kf2 Nxb5 43. Ke3 Na3 44. Ke4 Nxc2 45. Nxe5 b5 46.
axb6 axb6 47. g4 b5 48. h4 b4 49. Nc4+ Ke6 50. Nb2 Ne1 51. Kf4 Ng2+ 52. Ke4 h6
53. Kf3 Ne1+ 54. Kf4 Kf6 55. g5+ hxg5+ 56. hxg5+ Ke6 57. Ke4 Kd6 58. Kd4 Nf3+
59. Kc4 Nxg5 60. Kxb4 1/2-1/2

[Event "ChT Corsica 2007"]
[Site "Travo"]
[Date "2007.04.01"]
[Round "4.3"]
[White "Amy, Francois"]
[Black "Stolfi, Marie-Noelle"]
[Result "0-1"]
[WhiteElo "1499"]
[BlackElo "1590"]
[PlyCount "66"]
[EventDate "2007.??.??"]
[WhiteTeam "Balagna Chess Club 2"]
[BlackTeam "Echecs Club du Fium'Orbu 1"]

1. e4 e5 2. Nf3 Nc6 3. Bb5 Nf6 4. O-O a6 5. Bxc6 dxc6 6. d4 Be7 7. Nxe5 Nxe4 8.
Nxf7 Kxf7 9. Qf3+ Nf6 10. Qe3 Rf8 11. Re1 Qd6 12. f3 Nd5 13. Qe4 Kg8 14. c4 Bf5
15. Qe5 Qxe5 16. Rxe5 Bf6 17. Rxf5 Bxd4+ 18. Kf1 Rxf5 19. cxd5 cxd5 20. Nc3 c6
21. Bd2 Re8 22. Re1 Rxe1+ 23. Bxe1 b5 24. a3 c5 25. h3 Bxc3 26. bxc3 d4 27.
cxd4 cxd4 28. Ke2 Re5+ 29. Kd1 Re3 30. Bb4 d3 31. h4 Re2 32. g3 Re3 33. Kd2
Rxf3 0-1

[Event "ChT Corsica 2007"]
[Site "Travo"]
[Date "2007.04.01"]
[Round "4.4"]
[White "Meresse, Jack-Francois"]
[Black "Tinomano, Johann"]
[Result "0-1"]
[WhiteElo "1520"]
[BlackElo "1520"]
[PlyCount "50"]
[EventDate "2007.??.??"]
[WhiteTeam "Echecs Club du Fium'Orbu 1"]

1. Nf3 Nf6 2. d4 g6 3. Bg5 Bg7 4. e3 d6 5. Bd3 O-O 6. c4 Bg4 7. h3 Bxf3 8. Qxf3
e5 9. Qxb7 Nbd7 10. Qc6 exd4 11. exd4 Re8+ 12. Be3 Bh6 13. O-O Bxe3 14. fxe3
Rxe3 15. Rf3 Rxf3 16. Qxf3 Rb8 17. b3 Qe7 18. Nc3 Re8 19. Nd5 Nxd5 20. Qxd5
Qe3+ 21. Kh2 Qxd3 22. Qc6 Qf5 23. Qxc7 Qf4+ 24. Kg1 Qxd4+ 25. Kh2 Qxa1 0-1

[Event "ChT Corsica 2007"]
[Site "Travo"]
[Date "2007.04.01"]
[Round "4.5"]
[White "Poiron, Noel"]
[Black "Filippini, Laurine"]
[Result "1-0"]
[WhiteElo "1270"]
[BlackElo "1400"]
[PlyCount "57"]
[EventDate "2007.??.??"]
[WhiteTeam "Balagna Chess Club 2"]
[BlackTeam "Echecs Club du Fium'Orbu 1"]

1. d4 d5 2. Nf3 Nc6 3. e3 Nf6 4. Bd3 Bg4 5. Nbd2 e6 6. c3 Bd6 7. O-O O-O 8. Qc2
e5 9. dxe5 Nxe5 10. Nxe5 Bxe5 11. f4 Bd6 12. Nf3 g6 13. Bd2 Nh5 14. Qb3 Qf6 15.
Qxd5 c6 16. Qb3 b6 17. Be4 Be6 18. Qc2 Rac8 19. Qa4 a5 20. Bxc6 g5 21. Nxg5 Bg4
22. Bf3 Bxf3 23. Nxf3 Qg6 24. Qb5 Bc5 25. b4 Nxf4 26. Nh4 Qg5 27. bxc5 Rxc5 28.
exf4 Qxh4 29. Qxb6 1-0

[Event "ChT Corsica 2007"]
[Site "Travo"]
[Date "2007.04.01"]
[Round "4.1"]
[White "Battesti, Marc-Andria"]
[Black "Geronimi, Didier"]
[Result "1-0"]
[WhiteElo "1963"]
[BlackElo "1802"]
[PlyCount "41"]
[EventDate "2007.??.??"]
[WhiteTeam "I Scacchi Di U Centru"]
[BlackTeam "Corsica Chess Club 2"]

1. e4 d6 2. d4 Nf6 3. Nc3 g6 4. Nf3 Bg7 5. Bd3 O-O 6. h3 Re8 7. Bg5 e5 8. Qd2
c6 9. O-O-O b5 10. h4 Qa5 11. Bh6 Na6 12. Bxg7 Kxg7 13. h5 Nxh5 14. Rxh5 gxh5
15. Qg5+ Kf8 16. dxe5 Qd8 17. Qh6+ Ke7 18. Nd4 Nb8 19. Nxc6+ Nxc6 20. Nd5+ Kd7
21. Qxd6# 1-0

[Event "ChT Corsica 2007"]
[Site "Travo"]
[Date "2007.04.01"]
[Round "4.2"]
[White "Morganti, Noel"]
[Black "Stubbe, Damien"]
[Result "0-1"]
[WhiteElo "1678"]
[BlackElo "1879"]
[PlyCount "126"]
[EventDate "2007.??.??"]
[WhiteTeam "Corsica Chess Club 2"]

1. e4 c5 2. c3 e6 3. d4 d5 4. exd5 exd5 5. Bb5+ Nc6 6. Bxc6+ bxc6 7. Ne2 Bd6 8.
O-O Nf6 9. dxc5 Bxc5 10. Nd4 O-O 11. Nxc6 Qd6 12. Nd4 Ng4 13. g3 Ne5 14. Bf4 f6
15. Nd2 Qb6 16. N2b3 Bg4 17. f3 Bh3 18. Rf2 Rfe8 19. Nxc5 Qxc5 20. g4 Nc4 21.
Qc2 Ne3 22. Bxe3 Rxe3 23. Qd2 Rae8 24. Kh1 Qe7 25. Nc2 Re2 26. Rxe2 Qxe2 27.
Qxe2 Rxe2 28. Nd4 Rxb2 29. Kg1 g6 30. Nc6 Rg2+ 31. Kh1 Rd2 32. Nxa7 Bg2+ 33.
Kg1 Bxf3 34. h3 Rc2 35. Nb5 Rg2+ 36. Kf1 Rb2 37. Nd4 Bg2+ 38. Ke1 Bxh3 39. a4
Bxg4 40. a5 h5 41. a6 Bc8 42. a7 Bb7 43. a8=Q+ Bxa8 44. Rxa8+ Kg7 45. Ne6+ Kf7
46. Nf4 Rb7 47. Nxd5 Ke6 48. Ne3 f5 49. Ra4 g5 50. Ra6+ Ke5 51. Ra5+ Ke4 52.
Nxf5 Rb1+ 53. Kd2 h4 54. Ne3 h3 55. Ra4+ Kf3 56. Ng4 Rb2+ 57. Kd3 h2 58. Nxh2+
Rxh2 59. c4 g4 60. c5 g3 61. c6 g2 62. c7 g1=Q 63. c8=Q Qd1+ 0-1

[Event "ChT Corsica 2007"]
[Site "Travo"]
[Date "2007.04.01"]
[Round "4.3"]
[White "Battesti, Leo"]
[Black "Bigonnet, Jean-Michel"]
[Result "0-1"]
[WhiteElo "1847"]
[BlackElo "1660"]
[PlyCount "78"]
[EventDate "2007.??.??"]
[WhiteTeam "I Scacchi Di U Centru"]
[BlackTeam "Corsica Chess Club 2"]

1. Nf3 d5 2. c4 dxc4 3. Na3 c6 4. Nxc4 Nf6 5. g3 e6 6. Bg2 Be7 7. O-O O-O 8. d4
Na6 9. b3 Nc7 10. Bb2 Ncd5 11. Ncd2 Bb4 12. Rc1 a5 13. e4 Bxd2 14. Nxd2 Nb4 15.
Ra1 Re8 16. Nc4 b5 17. Ne3 Bb7 18. a3 Na6 19. f4 c5 20. d5 exd5 21. Bxf6 Qxf6
22. e5 Qd8 23. Nxd5 Bxd5 24. Qxd5 Qxd5 25. Bxd5 Rab8 26. Rad1 b4 27. a4 Nc7 28.
Rd2 Red8 29. Bxf7+ Kxf7 30. Rfd1 Rxd2 31. Rxd2 Ne6 32. Rd5 Nd4 33. Rd7+ Ke6 34.
Rxg7 Nxb3 35. Rxh7 Nd4 36. Rc7 b3 37. Rxc5 b2 38. f5+ Kxf5 39. e6+ Kxe6 0-1

[Event "ChT Corsica 2007"]
[Site "Travo"]
[Date "2007.04.01"]
[Round "4.1"]
[White "Lorenzi, Philippe"]
[Black "Cristofari, Antoine"]
[Result "0-1"]
[WhiteElo "1878"]
[BlackElo "2128"]
[PlyCount "50"]
[EventDate "2007.??.??"]
[WhiteTeam "Casinca 1"]
[BlackTeam "Echecs Club Ajaccien 1"]

1. d4 Nf6 2. c4 g6 3. Nc3 Bg7 4. e4 O-O 5. Nf3 d6 6. Bd3 e5 7. dxe5 dxe5 8.
Nxe5 Nxe4 9. Nxe4 Bxe5 10. O-O Nc6 11. Bg5 Qd4 12. Qf3 Bf5 13. Rfd1 Bg7 14. Ng3
Bg4 15. Be3 Bxf3 16. Bxd4 Bxd1 17. Bxg7 Kxg7 18. Rxd1 Rad8 19. Ne2 Ne5 20. Nf4
Rd4 21. g3 Rfd8 22. Kf1 Nxd3 23. Nd5 c6 24. Ke2 cxd5 25. Ke3 dxc4 0-1

[Event "ChT Corsica 2007"]
[Site "Travo"]
[Date "2007.04.01"]
[Round "4.2"]
[White "Bicchierai, Gregory"]
[Black "Pieri, Pierre-Louis"]
[Result "1-0"]
[WhiteElo "2065"]
[BlackElo "1640"]
[PlyCount "31"]
[EventDate "2007.??.??"]
[WhiteTeam "Echecs Club Ajaccien 1"]

1. e4 e5 2. d4 exd4 3. c3 dxc3 4. Nxc3 Nc6 5. Bc4 g6 6. Nf3 Bg7 7. Bg5 Nge7 8.
Nd5 O-O 9. Qd2 d6 10. Nf6+ Kh8 11. h4 Ne5 12. h5 Nxc4 13. hxg6 h6 14. Bxh6 fxg6
15. Bg5+ Bh6 16. Rxh6+ 1-0

[Event "ChT Corsica 2007"]
[Site "Travo"]
[Date "2007.04.01"]
[Round "4.3"]
[White "Geronimi, Vital"]
[Black "Grimaldi, Antoine"]
[Result "0-1"]
[WhiteElo "1710"]
[BlackElo "2050"]
[PlyCount "60"]
[EventDate "2007.??.??"]
[WhiteTeam "Casinca 1"]
[BlackTeam "Echecs Club Ajaccien 1"]

1. e4 e5 2. Nf3 Nc6 3. Bb5 f5 4. Nc3 fxe4 5. Nxe4 d5 6. Nxe5 dxe4 7. Nxc6 Qg5
8. Nd4+ c6 9. Bf1 Bg4 10. d3 Qg6 11. Qd2 O-O-O 12. Qg5 Qxg5 13. Bxg5 Rxd4 14.
Be3 Rb4 15. dxe4 Rxb2 16. Bd3 Bb4+ 17. Kf1 Nf6 18. Bd4 Ba3 19. Bxb2 Bxb2 20.
Rb1 Bd4 21. f3 Be6 22. a4 Rf8 23. Ke2 h5 24. Rhc1 Bc3 25. Rf1 h4 26. f4 Bg4+
27. Ke3 Re8 28. f5 Nd5+ 29. Kf2 Bd4+ 30. Ke1 Ne3 0-1

[Event "ChT Corsica 2007"]
[Site "Travo"]
[Date "2007.04.01"]
[Round "4.4"]
[White "Bellicou, Dominique"]
[Black "Gossart, Gerard"]
[Result "1-0"]
[WhiteElo "2080"]
[BlackElo "1722"]
[PlyCount "83"]
[EventDate "2007.??.??"]
[WhiteTeam "Echecs Club Ajaccien 1"]

1. e4 e5 2. Bc4 Bc5 3. Nf3 Nc6 4. O-O d6 5. b4 Bxb4 6. c3 Ba5 7. d4 Bb6 8. dxe5
Be6 9. Bxe6 fxe6 10. Ng5 Nxe5 11. Nxe6 Qe7 12. Qb3 Nf6 13. Bf4 Nd3 14. Nxc7+
Bxc7 15. Qb5+ Kf7 16. Qxd3 Qxe4 17. Qd2 Rhe8 18. Na3 Qa4 19. Nc2 Re4 20. Nd4
Rae8 21. f3 R4e7 22. Rfe1 Rxe1+ 23. Rxe1 Rxe1+ 24. Qxe1 Qxa2 25. Nb5 Qa5 26.
Qb1 Qb6+ 27. Kf1 Ke7 28. Qd3 a6 29. Nd4 d5 30. Be3 Qb2 31. Qf5 Qa1+ 32. Ke2
Qa2+ 33. Kd3 Qc4+ 34. Kd2 Qa2+ 35. Nc2 Qa5 36. Qc8 b5 37. Bc5+ Kf7 38. Nd4 Qa2+
39. Ke3 Bf4+ 40. Kxf4 Qd2+ 41. Ke5 Qe3+ 42. Kd6 1-0

[Event "ChT Corsica 2007"]
[Site "Travo"]
[Date "2007.04.01"]
[Round "4.5"]
[White "Bedini, Noel"]
[Black "Migheli, Gabriel"]
[Result "1-0"]
[WhiteElo "1480"]
[BlackElo "1740"]
[PlyCount "61"]
[EventDate "2007.??.??"]
[WhiteTeam "Casinca 1"]
[BlackTeam "Echecs Club Ajaccien 1"]

1. e4 e5 2. Nf3 Nc6 3. Bc4 Bc5 4. O-O Nf6 5. Nc3 d6 6. h3 Qe7 7. d3 Bd7 8. Bg5
h6 9. Nd5 Qd8 10. Bxf6 gxf6 11. Nh4 Nb4 12. Ne3 Bxe3 13. fxe3 Qe7 14. c3 Nc6
15. Qf3 f5 16. Nxf5 Bxf5 17. exf5 O-O-O 18. Bd5 Qe8 19. f6 Rg8 20. Rae1 Rg6 21.
d4 Kb8 22. Be4 Rg5 23. h4 Rg8 24. Bh7 Rh8 25. Be4 h5 26. Bd3 d5 27. Qf5 e4 28.
Bb5 Rd6 29. Qg5 Rg8 30. Qxh5 Rg6 31. Qh7 1-0

[Event "ChT Corsica 2007"]
[Site "Travo"]
[Date "2007.04.01"]
[Round "4.1"]
[White "Have, Didier"]
[Black "Galli, Jean-Christian"]
[Result "0-1"]
[WhiteElo "1932"]
[BlackElo "2025"]
[PlyCount "50"]
[EventDate "2007.??.??"]
[WhiteTeam "Echecs Club Ajaccien 2"]
[BlackTeam "Corsica Chess Club 1"]

1. e4 e6 2. b3 d5 3. Bb2 dxe4 4. Nc3 Nf6 5. Qe2 Nbd7 6. f3 exf3 7. Nxf3 Be7 8.
O-O-O O-O 9. g4 Nd5 10. Ne4 N7f6 11. Nxf6+ Bxf6 12. Ne5 g6 13. h4 a5 14. h5 g5
15. Qe4 Nf4 16. Bc4 Rb8 17. Rdf1 b5 18. Rxf4 Bb7 19. Nxf7 Bxb2+ 20. Kxb2 Bxe4
21. Nxd8 Rxf4 22. Bxe6+ Kf8 23. Re1 Rxd8 24. d3 Bf3 25. Rf1 Bd5 0-1

[Event "ChT Corsica 2007"]
[Site "Travo"]
[Date "2007.04.01"]
[Round "4.2"]
[White "Autran, Yann"]
[Black "Ruffin, Franck"]
[Result "1-0"]
[WhiteElo "1997"]
[BlackElo "1740"]
[PlyCount "47"]
[EventDate "2007.??.??"]
[WhiteTeam "Corsica Chess Club 1"]

1. e4 d5 2. exd5 Qxd5 3. Nc3 Qa5 4. d4 e5 5. dxe5 Bb4 6. Bd2 Nc6 7. a3 Nd4 8.
Bd3 Qxe5+ 9. Kf1 Be7 10. Nf3 Nxf3 11. Qxf3 c6 12. Re1 Qf6 13. Qg3 Be6 14. Ne4
Qh4 15. Qxg7 O-O-O 16. Qxh8 Nf6 17. Qg7 Rg8 18. Qh6 Qg4 19. Ng3 Nd5 20. h3 Qd4
21. Rxe6 Bc5 22. Ne4 Qxb2 23. Nxc5 Qb1+ 24. Re1 1-0

[Event "ChT Corsica 2007"]
[Site "Travo"]
[Date "2007.04.01"]
[Round "4.3"]
[White "Gerandi, Guillaume"]
[Black "Battesti, Saveriu"]
[Result "0-1"]
[WhiteElo "1530"]
[BlackElo "1913"]
[PlyCount "50"]
[EventDate "2007.??.??"]
[WhiteTeam "Echecs Club Ajaccien 2"]
[BlackTeam "Corsica Chess Club 1"]

1. d4 Nf6 2. c4 g6 3. Nc3 Bg7 4. Bg5 h6 5. Bh4 O-O 6. e3 d6 7. Bd3 Nbd7 8. Nge2
a6 9. a4 e5 10. d5 Nc5 11. b4 Nxd3+ 12. Qxd3 Qe8 13. e4 Nh5 14. O-O f5 15. f3
g5 16. Bf2 g4 17. c5 Qg6 18. Rac1 f4 19. cxd6 gxf3 20. Qxf3 Bg4 21. Qd3 f3 22.
Ng3 fxg2 23. Rfe1 Nf4 24. Qd2 Nh3+ 25. Kxg2 Rxf2+ 0-1

[Event "ChT Corsica 2007"]
[Site "Travo"]
[Date "2007.04.01"]
[Round "4.4"]
[White "Orsoni, Jean-Philippe"]
[Black "Ferracci, Christian"]
[Result "1-0"]
[WhiteElo "1907"]
[BlackElo "1410"]
[PlyCount "31"]
[EventDate "2007.??.??"]
[WhiteTeam "Corsica Chess Club 1"]

1. e4 c5 2. Nf3 Nc6 3. d4 cxd4 4. Nxd4 e6 5. Nc3 Bc5 6. Be3 Qb6 7. Na4 Qb4+ 8.
c3 Qa5 9. Nxc6 dxc6 10. Bxc5 b5 11. Qd6 Qd8 12. Qf8+ Kd7 13. O-O-O+ Kc7 14.
Qxd8+ Kb7 15. Bxa7 Kxa7 16. Qb6# 1-0

[Event "ChT Corsica 2007"]
[Site "Travo"]
[Date "2007.04.01"]
[Round "4.5"]
[White "Marliere, Cedric"]
[Black "Rossi, Pascal"]
[Result "0-1"]
[WhiteElo "1400"]
[BlackElo "1851"]
[PlyCount "72"]
[EventDate "2007.??.??"]
[WhiteTeam "Echecs Club Ajaccien 2"]
[BlackTeam "Corsica Chess Club 1"]

1. e4 c5 2. Nc3 d6 3. Nf3 g6 4. Bc4 e6 5. d3 Bg7 6. Bd2 Nc6 7. Ne2 Nf6 8. Bc3
a6 9. a4 O-O 10. O-O d5 11. exd5 exd5 12. Bb3 d4 13. Bd2 Bg4 14. Ng3 Ne5 15.
Kh1 Qc8 16. Bf4 Nxf3 17. gxf3 Bh3 18. Rg1 Qc6 19. Ne4 b5 20. Qe2 Kh8 21. Bd6
Rae8 22. Bxf8 Bxf8 23. Bxf7 Re7 24. Bb3 c4 25. Ba2 Bg7 26. Rae1 Nh5 27. Qd1 Nf4
28. dxc4 Be5 29. Ng5 Qf6 30. Nxh3 Qh4 31. Rxe5 Rxe5 32. Rg4 Qxh3 33. Rxf4 Kg7
34. cxb5 axb5 35. Rf7+ Kh6 36. Qxd4 Re1# 0-1

[Event "ChT Corsica 2007"]
[Site "Travo"]
[Date "2007.04.01"]
[Round "4.1"]
[White "Degoirat, Julien"]
[Black "Humeau, Cyril"]
[Result "1/2-1/2"]
[WhiteElo "2163"]
[BlackElo "2162"]
[PlyCount "60"]
[EventDate "2007.??.??"]
[WhiteTeam "Balagna Chess Club 1"]
[BlackTeam "Corsica Chess Club Dream Team"]

1. e4 e5 2. d4 Nf6 3. Nf3 Nxe4 4. Bd3 d5 5. Nxe5 Nd7 6. Nc3 Nxe5 7. dxe5 Nxc3
8. bxc3 Bc5 9. Qh5 c6 10. O-O Be6 11. Kh1 g6 12. Qe2 h5 13. Rb1 Qe7 14. Be3 b6
15. Qd2 Bxe3 16. Qxe3 Rb8 17. f4 Kd7 18. a4 Qc5 19. Qd4 Qxd4 20. cxd4 Bf5 21.
Rb3 Ke6 22. Rc3 Rbc8 23. Ba6 Rc7 24. Rb1 Kd7 25. Kg1 h4 26. Kf2 Ke7 27. Ke2 Be4
28. Kf2 Bf5 29. Ke2 Be4 30. Kf2 Bf5 1/2-1/2

[Event "ChT Corsica 2007"]
[Site "Travo"]
[Date "2007.04.01"]
[Round "4.2"]
[White "Massoni, Michael"]
[Black "Vilaisarn, Akkhavanh"]
[Result "0-1"]
[WhiteElo "2055"]
[BlackElo "2205"]
[PlyCount "56"]
[EventDate "2007.??.??"]
[WhiteTeam "Corsica Chess Club Dream Team"]

1. e4 e6 2. d4 d5 3. Nc3 Nf6 4. Bg5 Be7 5. e5 Nfd7 6. h4 c5 7. Nb5 f6 8. Bf4
fxe5 9. dxe5 O-O 10. Nh3 Nc6 11. Qd2 a6 12. Nc3 Ndxe5 13. O-O-O b5 14. Bxe5
Nxe5 15. f4 Nc4 16. Bxc4 bxc4 17. Qe2 Bf6 18. Ne4 Rb8 19. c3 Qa5 20. Nxf6+ gxf6
21. a3 Rf7 22. f5 Rfb7 23. Qh5 Bd7 24. Ng5 Be8 25. Qh6 fxg5 26. f6 d4 27. Qxg5+
Bg6 28. Rxd4 Rxb2 0-1

[Event "ChT Corsica 2007"]
[Site "Travo"]
[Date "2007.04.01"]
[Round "4.3"]
[White "Poiron, Nicolas"]
[Black "Gil, Ludovic"]
[Result "0-1"]
[WhiteElo "1899"]
[BlackElo "1848"]
[PlyCount "86"]
[EventDate "2007.??.??"]
[WhiteTeam "Balagna Chess Club 1"]
[BlackTeam "Corsica Chess Club Dream Team"]

1. d4 d5 2. Nf3 Nf6 3. g3 g6 4. Bg2 Bg7 5. O-O O-O 6. Bf4 c6 7. c3 Bf5 8. Nbd2
Nbd7 9. Ne5 Nxe5 10. Bxe5 Nd7 11. Bxg7 Kxg7 12. e4 dxe4 13. Bxe4 Bxe4 14. Nxe4
e5 15. Re1 exd4 16. Qxd4+ Nf6 17. Rad1 Qxd4 18. Rxd4 Rad8 19. Red1 Rxd4 20.
Rxd4 Nxe4 21. Rxe4 Kf6 22. Ra4 a6 23. Rb4 b5 24. Rd4 Ke7 25. Kg2 f5 26. Kf3 Ke6
27. Kf4 h6 28. h4 c5 29. Rd3 Rb8 30. Re3+ Kf6 31. Rd3 g5+ 32. hxg5+ hxg5+ 33.
Kf3 g4+ 34. Kf4 Re8 35. Rd6+ Re6 36. Rxe6+ Kxe6 37. Kg5 Ke5 38. b4 c4 39. Kg6
Ke4 40. a3 f4 41. Kg5 fxg3 42. fxg3 Kd3 43. Kxg4 Kxc3 0-1